000 01425nam a2200385 i 4500
001 197869
003 ES-MaACL
005 20251212063023.0
007 ta
008 251013b2025 sp ||||| |||| 00| 0 spa d
017 _aT 876-2025
_bOficina Depósito Legal Tenerife
020 _a978-84-18735-89-9
040 _bspa
_cES-MaACL
_aES-MaACL
_erda
080 _a614
080 _a616-083
080 _a613:316.6
100 1 _aVarela, Jordi
_9242353
_eaut
245 1 0 _aDe vulnerables a poderosos :
_bla apasionante lucha de la humanidad por la salud y la vida /
_cJordi Varela
250 _aPrimera edición: octubre de 2025
264 1 _a[Barcelona] :
_bLectio Ediciones,
_c[2025]
264 4 _a©2025
300 _a381 páginas ;
_c22 cm
336 _2rdacontent
_atexto
337 _2rdamedia
_asin mediación
338 _2rdacarrier
_avolumen
500 _aEjemplar firmado y dedicado por el autor
504 _aBibliografía: páginas 367-380. Índice
650 4 _916973
_aSalud pública
650 4 _913348
_aHigiene-
_xAspectos sociales
852 _aES-MaACL
_cDEPO1
_jA-15871
_gDedicatoria autógrafa del autor
_hDonación: Jordi Varela
_xEncuadernación rústica con solapas
_9206988
942 _cMONOGRAFIA
_n0
999 _c197869
_d197869